Pokémon RBY Pokédex - Statistics

General Stats
  • This quiz has been taken 6 times
  • The average score is 62 of 151
Answer Stats
Number Answer % Correct
009 Blastoise
100%
001 Bulbasaur
100%
010 Caterpie
100%
006 Charizard
100%
004 Charmander
100%
005 Charmeleon
100%
002 Ivysaur
100%
011 Metapod
100%
007 Squirtle
100%
003 Venusaur
100%
008 Wartortle
100%
024 Arbok
67%
012 | 015 Butterfree
67%
023 Ekans
67%
022 Fearow
67%
014 Kakuna
67%
018 Pidgeot
67%
017 Pidgeotto
67%
016 Pidgey
67%
025 Pikachu
67%
020 Raticate
67%
019 Rattata
67%
021 Spearow
67%
013 Weedle
67%
063 Abra
33%
142 Aerodactyl
33%
065 Alakazam
33%
059 Arcanine
33%
144 Articuno
33%
069 Bellsprout
33%
113 Chansey
33%
036 Clefable
33%
035 Clefairy
33%
091 Cloyster
33%
104 Cubone
33%
087 Dewgong
33%
050 Diglett
33%
132 Ditto
33%
085 Dodrio
33%
084 Doduo
33%
148 Dragonair
33%
149 Dragonite
33%
147 Dratini
33%
096 Drowzee
33%
051 Dugtrio
33%
133 Eevee
33%
125 Electabuzz
33%
101 Electrode
33%
102 Exeggcute
33%
103 Exeggutor
33%
083 Farfetch'd
33%
136 Flareon
33%
092 Gastly
33%
094 Gengar
33%
074 Geodude
33%
044 Gloom
33%
042 Golbat
33%
118 Goldeen
33%
055 Golduck
33%
076 Golem
33%
075 Graveler
33%
088 Grimer
33%
058 Growlithe
33%
130 Gyarados
33%
093 Haunter
33%
107 Hitmonchan
33%
106 Hitmonlee
33%
116 Horsea
33%
097 Hypno
33%
039 Jigglypuff
33%
135 Jolteon
33%
124 Jynx
33%
140 Kabuto
33%
141 Kabutops
33%
064 Kadabra
33%
115 Kangaskhan
33%
099 Kingler
33%
109 Koffing
33%
098 Krabby
33%
131 Lapras
33%
108 Lickitung
33%
068 Machamp
33%
067 Machoke
33%
066 Machop
33%
129 Magikarp
33%
126 Magmar
33%
081 Magnemite
33%
082 Magneton
33%
056 Mankey
33%
105 Marowak
33%
052 Meowth
33%
151 Mew
33%
150 Mewtwo
33%
146 Moltres
33%
122 Mr. Mime
33%
089 Muk
33%
034 Nidoking
33%
031 Nidoqueen
33%
029 Nidoran F
33%
032 Nidoran M
33%
030 Nidorina
33%
033 Nidorino
33%
038 Ninetales
33%
043 Oddish
33%
138 Omanyte
33%
139 Omastar
33%
095 Onix
33%
046 Paras
33%
047 Parasect
33%
053 Persian
33%
127 Pinsir
33%
060 Poliwag
33%
061 Poliwhirl
33%
062 Poliwrath
33%
077 Ponyta
33%
137 Porygon
33%
057 Primeape
33%
054 Psyduck
33%
026 Raichu
33%
078 Rapidash
33%
112 Rhydon
33%
111 Rhyhorn
33%
027 Sandshrew
33%
028 Sandslash
33%
123 Scyther
33%
117 Seadra
33%
119 Seaking
33%
086 Seel
33%
090 Shellder
33%
080 Slowbro
33%
079 Slowpoke
33%
143 Snorlax
33%
121 Starmie
33%
120 Staryu
33%
114 Tangela
33%
128 Tauros
33%
072 Tentacool
33%
073 Tentacruel
33%
134 Vaporeon
33%
049 Venomoth
33%
048 Venonat
33%
071 Victreebel
33%
045 Vileplume
33%
100 Voltorb
33%
037 Vulpix
33%
070 Weepinbell
33%
110 Weezing
33%
040 Wigglytuff
33%
145 Zapdos
33%
041 Zubat
33%
No matching quizzes found
Score Distribution
Percent of People with Each Score
Percentile by Number Answered
Your Score History
You have not taken this quiz